| 000 | 00763cab a2200253 4500 | ||
|---|---|---|---|
| 001 | ABS59623 | ||
| 008 | 090401t1998 xxu||||| |||| 00| 0 eng d | ||
| 035 | _a(Sirsi) u89797 | ||
| 041 | _aeng | ||
| 100 | _aHollis, M. | ||
| 245 | _aAge before beauty | ||
| 260 | _c1998 | ||
| 350 | _a0 | ||
| 490 |
_aThe Valuer _v67(6) November/December 1998, 10-11(2) |
||
| 520 | _aSecond of two articles dealing with the building construction of historic buildings. (ABS59268) | ||
| 650 | _aCATHEDRALS | ||
| 650 | _aBUILT ENVIRONMENT | ||
| 650 | _aHISTORIC BUILDINGS | ||
| 650 | _aBUILT ENVIRONMENT-BUILDING ELEMENTS-COMPLETE BUILDING ELEMENTS-ROOFS | ||
| 650 | _aWINDOWS | ||
| 690 | _aBUILT ENVIRONMENT-BUILDING INSPECTION | ||
| 942 | _n0 | ||
| 948 | _c18/11/1998 | ||
| 999 |
_c56842 _d56842 |
||